• 首页
  • 本馆介绍
  • 公告通知
  • 最新文献
  • 馆藏检索
  • 电子资源
  • 读者导购
  • 参考咨询
  • 我的图书馆
  • 登录
  • 详细信息显示
  • 放入我的书架
  • 预约/预借图书
  • 作者相关作品
  • 分类相关作品
  • 丛书相关作品
  • 出版社相关作品

书目信息

  • 表格格式
  • 工作单格式
  • 卡片格式
题名:
东亚区域经济整合
    
 
作者: 马洪 主编 ;盐谷隆英 主编
分册:  
出版信息: 北京   中国经济出版社  2006
页数: 256页
开本: 21cm
丛书名:
单 册:
中图分类: F114.46-53
科图分类:
主题词: 地区经济--经济合作--东亚--文集 , 地区经济 , 经济合作
电子资源:
ISBN: 7-5017-7843-4
000 01235nam0 2200289 450
001 003360934
005 20091221090405.01
010    @a7-5017-7843-4@dCNY26.00
100    @a20060104d2006 em y0chiy0110 ea
101 0  @achi@eeng
102    @aCN@b110000
105    @aa z 000yd
106    @ar
200 1  @a东亚区域经济整合@9dong ya qu yu jing ji zheng he@e地区发展的新机遇@dEconomic integration in East Asia@enew opportunity and regional development@f马洪,盐谷隆英主编@zeng
210    @a北京@c中国经济出版社@d2006
215    @a256页@c照片,图@d21cm
330    @a本书是第9届东亚经济学术会议论文集,针对加强东亚经济合作的具体路线及方针政策进行了探讨,内容包括东亚区域经济整合的进程与展望、东亚经济发展与东盟的合作、环北部湾经济区与中国广西在东亚地区合作中的作用等。
510 1  @aEconomic integration in East Asia@enew opportunity and regional development@zeng
517 1  @a地区发展的新机遇@9di qu fa zhan de xin ji yu
606 0  @a地区经济@x经济合作@y东亚@j文集
606 0  @a地区经济
606 0  @a经济合作
690    @aF114.46-53@v4
701  0 @a马洪@9ma hong@f(1920.5~)@4主编
702  0 @c(日)@a盐谷隆英@9yan gu long ying@c(1941.5~)@4主编
801  0 @aCN@bNLC@c20091221
905    @b20797765-70@dF114.46-53@e139@f6
    
    东亚区域经济整合:地区发展的新机遇=Economic integration in East Asia:new opportunity and regional development/马洪,盐谷隆英主编.-北京:中国经济出版社,2006
    256页:照片,图;21cm
    
    
    ISBN 7-5017-7843-4:CNY26.00
    本书是第9届东亚经济学术会议论文集,针对加强东亚经济合作的具体路线及方针政策进行了探讨,内容包括东亚区域经济整合的进程与展望、东亚经济发展与东盟的合作、环北部湾经济区与中国广西在东亚地区合作中的作用等。
●
相关链接 在E读中查询图书 在五车中查询图书 在当当中查询图书 在豆瓣中查询图书


正题名:东亚区域经济整合     索取号:F114.46-53/139         预约/预借

序号 登录号 条形码 馆藏地/架位号 状态 备注
1 797765   207977652   第一样本阅览室/ [索取号:F114.46-53/139] 在馆    
2 797766   207977661   第一借阅区/ [索取号:F114.46-53/139] 在馆    
3 797767   207977670   第一借阅区/ [索取号:F114.46-53/139] 在馆    
4 797768   207977689   第一借阅区/ [索取号:F114.46-53/139] 在馆    
5 797769   207977698   第一借阅区/ [索取号:F114.46-53/139] 在馆    
6 797770   207977705   第一借阅区/ [索取号:F114.46-53/139] 在馆    
唐山师范学院图书馆 欢迎您!
大连网信软件有限公司© 版权所有